| 000 | 00734nam a2200241 a 4500 | ||
|---|---|---|---|
| 003 | AR-BaBNM | ||
| 005 | 20251128204026.0 | ||
| 008 | 082120s2002 ||||||||||||||000 | spa|| | ||
| 040 | _cAR-BaBNM | ||
| 245 | 0 | 0 |
_aEl Banco de la Nación Argentina en su cincuentenario _b1891 - 1941 |
| 260 |
_aBuenos Aires _bBanco de la Nación Argentina _c1941 |
||
| 300 |
_a473 p. _bmapas, tablas, il., láms. |
||
| 650 | 4 | _aPERIODO HISPANICO | |
| 650 | 4 | _aPERIODO INDEPENDIENTE | |
| 650 | 4 | _aORGANIZACION NACIONAL | |
| 650 | 4 | _aGENERACION DE 1880 | |
| 650 | 4 | _aHISTORIA ECONOMICA | |
| 650 | 4 | _aREVOLUCIONES RADICALES | |
| 650 | 4 | _aPRESIDENCIAS ARGENTINAS | |
| 700 | 1 |
_aSantamarina, Jorge A. _eprologuista |
|
| 942 | _cBK | ||
| 998 | _cmariana | ||
| 999 |
_c5847 _d5847 |
||